Library of the University of Algiers 3
Ibrahim Sultan Cheibout
شعار جامعة الجزائر 3
مكتبة جامعة الجزائر 3
إبراهيم سلطان شيبوط

براعة الإدارة في الشركات الأمريكية : (رقم التسجيلة. 45357)

تفاصيل مارك
000 -LEADER
fixed length control field 01374nam a2200229Ia 4500
003 - CONTROL NUMBER IDENTIFIER
control field Ost
005 - DATE AND TIME OF LATEST TRANSACTION
control field 20260507075639.0
008 - FIXED-LENGTH DATA ELEMENTS--GENERAL INFORMATION
fixed length control field 260507s9999||||xx |||||||||||||| ||und||
020 ## - INTERNATIONAL STANDARD BOOK NUMBER
International Standard Book Number 9782820595
040 ## - CATALOGING SOURCE
Transcribing agency fsecg
041 ## - LANGUAGE CODE
Language code of text/sound track or separate title ara
082 ## - DEWEY DECIMAL CLASSIFICATION NUMBER
Classification number 350.1
100 ## - MAIN ENTRY--PERSONAL NAME
Personal name روبرت، ه
Relator term مؤلف
245 #0 - TITLE STATEMENT
Title براعة الإدارة في الشركات الأمريكية :
Remainder of title دروس نتعلمها من الشركات التي تهتم بالعاملين في المقام الأول /
Statement of responsibility, etc. ه روبرت
260 ## - PUBLICATION, DISTRIBUTION, ETC.
Place of publication, distribution, etc. القاهرة:
Name of publisher, distributor, etc. الدار الدولية للنشر,
Date of publication, distribution, etc. 1999
300 ## - PHYSICAL DESCRIPTION
Extent 411 صفحة؛
Other physical details إيضاحات ؛
Dimensions 24 سم
520 ## - SUMMARY, ETC.
Summary, etc. يتناول الكتاب البحث في الأسباب الرئيسية وراء تفوق الشركات الأمريكية في اجتياز منتجاتها الحدود والقيود الإستيرادية كبرونكس مريك موتورلا رنبوميد ،فيديرال اكسبراسالنظيم للنجاح-كل موظف قائد ،دروس في الإدارة من برونكس وقيل لولاية كولوهادو-النظم التي تطلق حرية العاملين -المحافظة على المسيرة التنافسية.
653 ## - INDEX TERM--UNCONTROLLED
Uncontrolled term إداره الأفراد
653 ## - INDEX TERM--UNCONTROLLED
Uncontrolled term الإداره الصناعيه
700 ## - ADDED ENTRY--PERSONAL NAME
Personal name و، ترومان
Relator term مؤلف ثانوي
942 ## - ADDED ENTRY ELEMENTS (KOHA)
Koha item type كتب
المقتنيات
Withdrawn status Lost status Source of classification or shelving scheme Damaged status Not for loan Home library Current library Date acquired Serial enumeration / chronology Inventory number Total checkouts Full call number Barcode Date last seen Price effective from Koha item type
    Dewey Decimal Classification   NOT LOAN / إعارة داخلية مكتبة كلية العلوم الإقتصادية والعلوم التجارية وعلوم التسيير مكتبة كلية العلوم الإقتصادية والعلوم التجارية وعلوم التسيير 07/05/2026 الطابق الأرضي 835/1   أ/835ن1 835/1 07/05/2026 07/05/2026 كتب
    Dewey Decimal Classification   Available مكتبة كلية العلوم الإقتصادية والعلوم التجارية وعلوم التسيير مكتبة كلية العلوم الإقتصادية والعلوم التجارية وعلوم التسيير 07/05/2026 الطابق الثاني 835/2   أ/835ن2 835/2 07/05/2026 07/05/2026 كتب

موارد الويب المفتوحة


© University of Algiers 3 All Rights Reserved
|
Implemented by LECHELAH Riad